Gaming Quiz

Random Gaming or Nintendo Quiz

Super Smash Bros Series Levels Quiz Stats

 Plays Quiz not verified by Sporcle

Score 0/65 Timer 10:00
0 Plays Today
Game Stage % Correct
Super Smash Bros. MeleePokemon Stadium
83.3%
Super Smash Bros. MeleeFinal Destination
83.3%
Super Smash Bros. BrawlFinal Destination
83.3%
Super Smash Bros.Yoshi's Island
81.7%
Super Smash Bros. MeleeYoshi's Island
81.7%
Super Smash Bros. BrawlYoshi's Island
81.7%
Super Smash Bros.Peach's Castle
78.3%
Super Smash Bros.Mushroom Kingdom
78.3%
Super Smash Bros. MeleePeach's Castle
78.3%
Super Smash Bros. MeleeMushroom Kingdom
78.3%
Super Smash Bros. MeleeBattlefield
78.3%
Super Smash Bros. BrawlBattlefield
78.3%
Super Smash Bros.Hyrule Castle
75%
Super Smash Bros. BrawlPokemon Stadium 2
75%
Super Smash Bros. MeleeHyrule Temple
73.3%
Super Smash Bros.Dream Land
71.7%
Super Smash Bros. MeleeCorneria
70%
Super Smash Bros. MeleeOnett
70%
Super Smash Bros. MeleeBig Blue
68.3%
Super Smash Bros. MeleeBrinstar
66.7%
Super Smash Bros. Planet Zebes
65%
Super Smash Bros. MeleeJungle Japes
65%
Super Smash Bros. MeleeMute City
65%
Super Smash Bros.Saffron City
63.3%
Super Smash Bros. MeleeGreen Greens
63.3%
Super Smash Bros.Sector Z
61.7%
Super Smash Bros. MeleeFountain of Dreams
61.7%
Super Smash Bros. MeleeVenom
61.7%
Super Smash Bros. MeleeBrinstar Depths
61.7%
Super Smash Bros. MeleePokemon Floats
61.7%
Super Smash Bros. BrawlGreen Hill Zone
61.7%
Super Smash Bros. MeleeIcicle Mountain
60%
Super Smash Bros. MeleeFlat Zone
60%
Game Stage % Correct
Super Smash Bros. BrawlBridge of Eldin
60%
Super Smash Bros. MeleeRainbow Cruise
58.3%
Super Smash Bros. MeleeGreat Bay
58.3%
Super Smash Bros. MeleeYoshi's Story
58.3%
Super Smash Bros. BrawlHalberd
58.3%
Super Smash Bros. BrawlPirate Ship
58.3%
Super Smash Bros. BrawlLuigi's Mansion
56.7%
Super Smash Bros. BrawlMario Bros.
56.7%
Super Smash Bros. BrawlMushroomy Kingdom
56.7%
Super Smash Bros. BrawlShadow Moses Island
56.7%
Super Smash Bros. BrawlCastle Siege
55%
Super Smash Bros. BrawlFlat Zone 2
55%
Super Smash Bros. BrawlSpear Pillar
55%
Super Smash Bros. MeleeFourside
53.3%
Super Smash Bros. Brawl75 M
53.3%
Super Smash Bros. BrawlDelfino Plaza
53.3%
Super Smash Bros. BrawlNorfair
53.3%
Super Smash Bros. MeleeKongo Jungle
51.7%
Super Smash Bros. MeleeMushroom Kingdom II
51.7%
Super Smash Bros. BrawlLylat Cruise
51.7%
Super Smash Bros. BrawlMario Circuit
50%
Super Smash Bros. BrawlSmashville
50%
Super Smash Bros.Congo Jungle
46.7%
Super Smash Bros. BrawlNew Pork City
46.7%
Super Smash Bros. BrawlPort Town
45%
Super Smash Bros. BrawlHanenbow
43.3%
Super Smash Bros. BrawlFrigate Orpheon
41.7%
Super Smash Bros. BrawlDistant Planet
40%
Super Smash Bros. BrawlPictochat
40%
Super Smash Bros. BrawlRumble Falls
40%
Super Smash Bros. BrawlSkyworld
38.3%
Super Smash Bros. BrawlSummit
38.3%

You're not logged in!

Compare scores with friends on all Sporcle quizzes.
OR
Log In

Show Comments

Extras

Top Quizzes Today


Score Distribution

Your Account Isn't Verified!

In order to create a playlist on Sporcle, you need to verify the email address you used during registration. Go to your Sporcle Settings to finish the process.

Report this User

Report this user for behavior that violates our Community Guidelines.

Details: